000
00299nam a2200145Ia 4500
100
_a
Gupta/P.K
942
_c
BK
366
_f
20
245
_a
Problems in operation research
260
_b
S.Chand & C0
_c
1991
082
_a
658.4034/GUP
_b
GUP
300
_a
1171
546
_a
ENGLISH
999
_c
22611
_d
22611